Studies on Productivity of Wheat (Triticum asetivum L.) As Influenced by Plant Geometry and Nitrogen Fertilization (Record no. 50503)

MARC details
000 -LEADER
fixed length control field 00413nam a22001337a 4500
003 - CONTROL NUMBER IDENTIFIER
control field OSt
008 - FIXED-LENGTH DATA ELEMENTS--GENERAL INFORMATION
fixed length control field 260508b |||||||| |||| 00| 0 eng d
082 ## - DEWEY DECIMAL CLASSIFICATION NUMBER
Classification number 633.11
Item number S48S
100 ## - MAIN ENTRY--PERSONAL NAME
Personal name Singh, Girish Kumar
245 ## - TITLE STATEMENT
Title Studies on Productivity of Wheat (Triticum asetivum L.) As Influenced by Plant Geometry and Nitrogen Fertilization
260 ## - PUBLICATION, DISTRIBUTION, ETC. (IMPRINT)
Place of publication, distribution, etc Pusa,Samastipur
Name of publisher, distributor, etc RAU
Date of publication, distribution, etc 1987
502 ## - DISSERTATION NOTE
Degree type Msc.
Year degree granted 1987
942 ## - ADDED ENTRY ELEMENTS (KOHA)
Source of classification or shelving scheme
Koha item type Thesis
Holdings
Withdrawn status Lost status Source of classification or shelving scheme Damaged status Not for loan Home library Current library Date acquired Source of acquisition Total Checkouts Full call number Barcode Date last seen Bill Date Koha item type Bill Number
          Dr. Rajendra Prasad Central Agricultural University Pusa, Dr. Rajendra Prasad Central Agricultural University Pusa, 08/05/2026 By Authors   633.11 S48S 39375 08/05/2026 08/05/2026 Thesis Gift
Hosted, Implemented, Customized & Maintained by: BestBookBuddies

Powered by Koha